[Event "BL 1617 SV Hockenheim - Werder Bremen"]
[Site "?"]
[Date "2016.10.16"]
[Round "2.3"]
[White "Bluebaum, Matthias"]
[Black "Balogh, Csaba"]
[Result "0-1"]
[WhiteElo "2642"]
[BlackElo "2621"]
[PlyCount "112"]
[EventDate "2016.??.??"]

1. Nf3 d5 2. g3 c6 3. Bg2 Bf5 4. O-O Nf6 5. c4 e6 6. cxd5 exd5 7. d3 Na6 8. a3
Be7 9. Nbd2 Nc7 10. Qc2 h6 11. b4 O-O 12. Nb3 Ne6 13. Bb2 Bh7 14. Rad1 Rc8 15.
Nfd4 Nxd4 16. Bxd4 Ne8 17. Bh3 Ra8 18. Nc5 Bxc5 19. bxc5 f6 20. Rb1 Rb8 21. Rb4
Kh8 22. Rfb1 Rf7 23. Qa4 Re7 24. Be3 g5 25. Qxa7 Ra8 26. Qb6 Rc7 27. R4b3 Ra4
28. Bc1 Qe7 29. Kf1 Ng7 30. Rc3 Bf5 31. Bg2 d4 32. Rc2 Ne6 33. Qb3 Ra8 34. Qb4
h5 35. Bb2 Rd7 36. Rc4 Rad8 37. a4 h4 38. a5 hxg3 39. hxg3 Qh7 40. Ke1 Qh2 41.
Bf1 Qg1 42. Rcc1 Bxd3 43. exd3 Re8 44. Rd1 Rd5 45. Rd2 Nf4+ 46. Kd1 Nxd3 47.
Qa3 Qxf1+ 48. Kc2 Ne1+ 49. Kb3 Qb5+ 50. Ka2 Ra8 51. Bc3 Qc4+ 52. Qb3 Qxc3 53.
Qxc3 dxc3 54. Rxd5 Rxa5+ 55. Kb3 cxd5 56. Rxe1 Rxc5 0-1

[Event "BL 1617 SV Hockenheim - Werder Bremen"]
[Site "?"]
[Date "2016.10.16"]
[Round "2.4"]
[White "Wagner, Dennis"]
[Black "Efimenko, Zahar"]
[Result "1/2-1/2"]
[WhiteElo "2543"]
[BlackElo "2651"]
[PlyCount "76"]
[EventDate "2016.??.??"]

1. Nf3 Nf6 2. c4 e6 3. g3 d5 4. Bg2 dxc4 5. Qa4+ Nbd7 6. Qxc4 c5 7. O-O b6 8.
b3 Bb7 9. Bb2 Be7 10. d3 O-O 11. Nbd2 Nd5 12. Ne4 Qc7 13. a3 Rac8 14. Rfc1 Qb8
15. Rab1 h6 16. Ba1 Rfd8 17. Qc2 a5 18. Qb2 Bf8 19. Ned2 N5f6 20. Nc4 Ba8 21.
e4 Qa7 22. a4 Nb8 23. Nfe5 Nc6 24. Nxc6 Bxc6 25. Qe2 Nd7 26. Rd1 Nb8 27. d4
cxd4 28. Bxd4 Nd7 29. Qe3 Nc5 30. Rd2 Qb7 31. Re1 Qa6 32. Ne5 Be8 33. Bf1 Qb7
34. Nc4 Bc6 35. Bg2 Qa6 36. Ne5 Be8 37. Bf1 Qb7 38. Nc4 Bc6 1/2-1/2

[Event "BL 1617 SV Hockenheim - Werder Bremen"]
[Site "?"]
[Date "2016.10.16"]
[Round "2.5"]
[White "Edouard, Romain"]
[Black "Moiseenko, Alexander"]
[Result "1/2-1/2"]
[WhiteElo "2628"]
[BlackElo "2648"]
[PlyCount "46"]
[EventDate "2016.??.??"]

1. d4 Nf6 2. c4 e6 3. Nc3 Bb4 4. Nf3 d5 5. cxd5 exd5 6. Bg5 h6 7. Bh4 c5 8.
dxc5 Nbd7 9. e3 Qa5 10. Nd2 Bxc3 11. bxc3 Qxc3 12. Rc1 Qb4 13. Bxf6 Nxf6 14.
Qb3 Qxb3 15. Nxb3 Bd7 16. Bd3 Ke7 17. Ke2 Rhc8 18. Nd4 Ne4 19. Bxe4 dxe4 20.
Rc4 Rc7 21. Rb1 Rac8 22. Rcb4 Rxc5 23. Rxb7 R8c7 1/2-1/2

[Event "BL 1617 SV Hockenheim - Werder Bremen"]
[Site "?"]
[Date "2016.10.16"]
[Round "2.6"]
[White "Baramidze, David"]
[Black "Nyback, Tomi"]
[Result "1-0"]
[WhiteElo "2601"]
[BlackElo "2572"]
[PlyCount "103"]
[EventDate "2016.??.??"]

1. d4 Nf6 2. c4 g6 3. Nc3 d5 4. cxd5 Nxd5 5. e4 Nxc3 6. bxc3 Bg7 7. Nf3 c5 8.
Be3 Qa5 9. Qd2 O-O 10. Rc1 cxd4 11. cxd4 Qxd2+ 12. Bxd2 e6 13. Bb5 Bd7 14. Bxd7
Nxd7 15. Rc7 Nf6 16. e5 Nd5 17. Rxb7 Rfb8 18. Rxb8+ Rxb8 19. O-O Rb2 20. a4 Bf8
21. Rc1 Kg7 22. h4 Bb4 23. Bxb4 Rxb4 24. a5 Ra4 25. Rc5 h6 26. g3 Ra2 27. Kf1
Nb4 28. Ne1 Ra1 29. Ke2 Ra2+ 30. Kf3 Ra3+ 31. Ke2 Ra2+ 32. Kf3 Ra3+ 33. Ke4 a6
34. Ng2 Ra2 35. Nf4 Rxf2 36. Rc7 Kf8 37. Rc4 Rb2 38. Rc8+ Kg7 39. Rb8 Rb3 40.
g4 Rb2 41. Rb6 Rb3 42. d5 exd5+ 43. Nxd5 Nd3 44. Kd4 Ra3 45. Rxa6 Nf2 46. Ra7
Ra4+ 47. Kc5 Ne4+ 48. Kb6 Rd4 49. Rd7 Nc3 50. Kc5 Rd1 51. e6 Nxd5 52. e7 1-0

[Event "BL 1617 SV Hockenheim - Werder Bremen"]
[Site "?"]
[Date "2016.10.16"]
[Round "2.7"]
[White "Markgraf, Rolf-Alexander"]
[Black "Braun, Arik"]
[Result "0-1"]
[WhiteElo "2523"]
[BlackElo "2579"]
[PlyCount "52"]
[EventDate "2016.??.??"]

1. e4 c6 2. d4 d5 3. e5 c5 4. Nf3 Bg4 5. dxc5 Nc6 6. c3 e6 7. Be3 a6 8. Nbd2
Nxe5 9. Be2 Nc6 10. Qa4 Nf6 11. h3 Bxf3 12. Bxf3 Nd7 13. Nb3 Be7 14. O-O Bg5
15. Bxg5 Qxg5 16. c4 Qf4 17. Be2 O-O 18. Rfe1 Nde5 19. Rac1 dxc4 20. Rc3 Rad8
21. Bxc4 Rd3 22. Bb5 Nd4 23. g3 Ndf3+ 24. Kf1 Qxa4 25. Bxa4 Nxe1 26. Kxe1 Rfd8
0-1

[Event "BL 1617 SV Hockenheim - Werder Bremen"]
[Site "?"]
[Date "2016.10.16"]
[Round "2.8"]
[White "Rau, Hannes"]
[Black "Koop, Thorben"]
[Result "1-0"]
[WhiteElo "2474"]
[BlackElo "2423"]
[PlyCount "81"]
[EventDate "2016.??.??"]

1. c4 Nf6 2. Nc3 d5 3. cxd5 Nxd5 4. g3 g6 5. Bg2 c6 6. Nf3 Bg7 7. O-O O-O 8. d4
Nxc3 9. bxc3 Qa5 10. Qb3 Nd7 11. e4 Nb6 12. Qa3 Qxa3 13. Bxa3 Re8 14. Nd2 c5
15. e5 Rd8 16. Bxc5 Na4 17. Bxe7 Rd7 18. Bb4 a5 19. Bd6 Nxc3 20. Rfe1 Rd8 21.
Ne4 Nb5 22. Rad1 Bf5 23. a4 Bxe4 24. axb5 Bxg2 25. Kxg2 Bf8 26. Bxf8 Kxf8 27.
d5 Rac8 28. d6 Rc5 29. b6 Ke8 30. f4 Kd7 31. Kf3 h5 32. Ke4 Kc6 33. Rb1 Rc4+
34. Kd3 Rc5 35. Re4 Rb5 36. Rc4+ Rc5 37. Kd4 Rxc4+ 38. Kxc4 Ra8 39. Rb3 a4 40.
Ra3 Ra6 41. Kb4 1-0

[Event "BL 1617 SV Griesheim - Hamburger SK"]
[Site "?"]
[Date "2016.10.16"]
[Round "2.1"]
[White "Kempinski, Robert"]
[Black "Tazbir, Marcin"]
[Result "1/2-1/2"]
[WhiteElo "2600"]
[BlackElo "2521"]
[PlyCount "74"]
[EventDate "2016.??.??"]

1. d4 d5 2. c4 c6 3. Nc3 Nf6 4. e3 Bf5 5. cxd5 cxd5 6. Qb3 Nc6 7. Qxb7 Bd7 8.
Qb3 Rb8 9. Qd1 e5 10. dxe5 Nxe5 11. Be2 Bd6 12. Nf3 Qc7 13. h3 O-O 14. O-O
Nxf3+ 15. Bxf3 Rfd8 16. a4 Bh2+ 17. Kh1 Be5 18. Nxd5 Nxd5 19. Bxd5 Bc6 20. e4
Bxd5 21. exd5 Qc4 22. Be3 Bxb2 23. Rb1 Rxd5 24. Qg4 Qxg4 25. hxg4 Rb4 26. Bxa7
f5 27. gxf5 Rxa4 28. Rxb2 Rxa7 29. g4 h5 30. f3 hxg4 31. fxg4 Ra4 32. Rg2 Rdd4
33. g5 Rh4+ 34. Kg1 Raf4 35. g6 Rh1+ 36. Kxh1 Rxf1+ 37. Kh2 Rxf5 1/2-1/2

[Event "BL 1617 SV Griesheim - Hamburger SK"]
[Site "?"]
[Date "2016.10.16"]
[Round "2.2"]
[White "Jarmula, Lukasz"]
[Black "Svane, Rasmus"]
[Result "1/2-1/2"]
[WhiteElo "2466"]
[BlackElo "2552"]
[PlyCount "72"]
[EventDate "2016.??.??"]

1. e4 c6 2. d4 d5 3. exd5 cxd5 4. Bd3 Nc6 5. c3 Qc7 6. Ne2 Bg4 7. O-O e6 8. Qe1
Bxe2 9. Qxe2 Nf6 10. Nd2 Bd6 11. Nf3 O-O 12. g3 Rfe8 13. Bg5 Nd7 14. Rad1 a6
15. Bc1 Nf6 16. Bc2 Rac8 17. Bg5 Be7 18. Rfe1 Nd7 19. Qd3 Nf8 20. Re2 Na5 21.
Bb1 Bxg5 22. Nxg5 h6 23. Nh3 Nc4 24. Qf3 Nd7 25. Nf4 Nf6 26. Bd3 Nd6 27. Kh1 b5
28. h4 Qd8 29. Rg1 Nfe4 30. Nh5 a5 31. Qg4 g6 32. Nf4 Kg7 33. Nh5+ Kh7 34. Nf4
Kg7 35. Nh5+ Kh7 36. Nf4 Kg7 1/2-1/2

[Event "BL 1617 SV Griesheim - Hamburger SK"]
[Site "?"]
[Date "2016.10.16"]
[Round "2.3"]
[White "Ftacnik, Lubomir"]
[Black "Walter, Stefan"]
[Result "0-1"]
[WhiteElo "2552"]
[BlackElo "2406"]
[PlyCount "168"]
[EventDate "2016.??.??"]

1. c4 e6 2. Nf3 d5 3. d4 Nf6 4. Nc3 Be7 5. Bf4 O-O 6. e3 Nbd7 7. a3 c5 8. cxd5
Nxd5 9. Nxd5 exd5 10. dxc5 Nxc5 11. Be5 Bf5 12. Be2 Bf6 13. Bxf6 Qxf6 14. Nd4
Ne6 15. Nxf5 Qxf5 16. O-O Rfd8 17. Bg4 Qg5 18. Rc1 Qe7 19. Qa4 a6 20. Rfd1 Rd7
21. Rd2 Rad8 22. Rcd1 g6 23. g3 Rd6 24. Bf3 Qg5 25. Bg2 Qe5 26. Qb4 b6 27. Qc3
d4 28. exd4 Nxd4 29. Kh1 a5 30. h3 h5 31. h4 Kg7 32. a4 Qf6 33. Re1 Ne6 34.
Qxf6+ Kxf6 35. Rxd6 Rxd6 36. Rb1 Rd4 37. b3 Nc5 38. Kg1 Rb4 39. Bd5 Nxa4 40.
Rc1 Nc5 41. Rc3 Ne6 42. Kf1 Ke5 43. Bc4 b5 44. Bxe6 Kxe6 45. Rc6+ Kd5 46. Ra6
Rxb3 47. Rxa5 Kc5 48. Ra7 Rf3 49. Ke2 Rf6 50. f4 Kc4 51. Kd2 Kb3 52. Kc1 b4 53.
Rc7 Rf5 54. Rc6 Ra5 55. Rc7 Rf5 56. Rc6 f6 57. Re6 Kc3 58. Re3+ Kd4 59. Rb3 Kc4
60. Re3 Rc5 61. Kb2 Rc6 62. Re4+ Kb5 63. f5 gxf5 64. Rf4 Rc5 65. Kb3 Rc3+ 66.
Kb2 Rxg3 67. Rxf5+ Ka4 68. Rxh5 Rg2+ 69. Kc1 Kb3 70. Rf5 Rg1+ 71. Kd2 Rh1 72.
Rxf6 Rxh4 73. Rc6 Rh2+ 74. Kc1 Rh1+ 75. Kd2 Kb2 76. Rc2+ Ka3 77. Rc8 b3 78.
Ra8+ Kb2 79. Rb8 Rh7 80. Ra8 Rd7+ 81. Ke2 Kc2 82. Rc8+ Kb1 83. Rb8 b2 84. Ra8
Rd5 0-1

[Event "BL 1617 SV Griesheim - Hamburger SK"]
[Site "?"]
[Date "2016.10.16"]
[Round "2.4"]
[White "Baskin, Robert"]
[Black "Lampert, Jonas"]
[Result "0-1"]
[WhiteElo "2402"]
[BlackElo "2500"]
[PlyCount "98"]
[EventDate "2016.??.??"]

1. e4 e5 2. Nf3 Nc6 3. d4 exd4 4. Nxd4 Bc5 5. Nxc6 bxc6 6. Bd3 d6 7. O-O Nf6 8.
Nc3 Ng4 9. h3 Ne5 10. Na4 Bb6 11. Be2 O-O 12. Nxb6 axb6 13. Be3 Ba6 14. a4 Re8
15. Re1 Qh4 16. Bd4 Bxe2 17. Rxe2 Ng6 18. Qe1 d5 19. f3 f5 20. b4 fxe4 21. fxe4
Qxe1+ 22. Rexe1 dxe4 23. c3 Nf4 24. Be3 Nd5 25. Bd4 e3 26. Re2 Re4 27. a5 c5
28. bxc5 bxa5 29. c6 Ra6 30. g3 Rxc6 31. Rxa5 Nxc3 32. Bxc3 Rxc3 33. Kg2 Re7
34. Kf3 h6 35. h4 Kh7 36. h5 c5 37. Ra6 Re5 38. g4 Re7 39. Rc6 Rf7+ 40. Ke4
Re7+ 41. Kd5 Re8 42. Rc7 Rd3+ 43. Kc4 Rd4+ 44. Kc3 Rxg4 45. Rxc5 Rg5 46. Kd4
Rxc5 47. Kxc5 Re5+ 48. Kd6 Rxh5 49. Rxe3 Rf5 0-1

[Event "BL 1617 SV Griesheim - Hamburger SK"]
[Site "?"]
[Date "2016.10.16"]
[Round "2.5"]
[White "Rogozenco, Dorian"]
[Black "Grimm, Julius"]
[Result "1-0"]
[WhiteElo "2483"]
[BlackElo "2288"]
[PlyCount "81"]
[EventDate "2016.??.??"]

1. c4 c5 2. Nf3 Nc6 3. Nc3 g6 4. e3 Nf6 5. d4 cxd4 6. exd4 d5 7. cxd5 Nxd5 8.
Bc4 Nb6 9. Bb3 Bg7 10. O-O O-O 11. d5 Na5 12. h3 h6 13. Re1 Nxb3 14. axb3 e6
15. d6 Bd7 16. Ne5 Bc6 17. Nxc6 bxc6 18. Ra6 Qd7 19. Be3 Nd5 20. Bc5 Nxc3 21.
bxc3 Bxc3 22. Re4 Rfb8 23. Rea4 Rb7 24. b4 Bg7 25. Qf3 Bf8 26. Rxc6 Rd8 27.
Rca6 Ra8 28. h4 h5 29. g3 Qb5 30. R4a5 Qd7 31. Kg2 Kh7 32. Qe4 Kg8 33. Kh2 Kh7
34. Bd4 Bg7 35. Rxh5+ Kg8 36. Bxg7 Kxg7 37. Rha5 Rab8 38. Qd4+ Kg8 39. Rxa7
Rxb4 40. Qxb4 Qxa7 41. Rxa7 1-0

[Event "BL 1617 SV Griesheim - Hamburger SK"]
[Site "?"]
[Date "2016.10.16"]
[Round "2.6"]
[White "Koehler, Ronald"]
[Black "Kollars, Dmitrij"]
[Result "1/2-1/2"]
[WhiteElo "2282"]
[BlackElo "2491"]
[PlyCount "77"]
[EventDate "2016.??.??"]

1. d4 Nf6 2. c4 g6 3. Nc3 Bg7 4. e4 d6 5. f4 O-O 6. Nf3 e5 7. dxe5 dxe5 8. Nxe5
Qxd1+ 9. Kxd1 Re8 10. Be2 Nxe4 11. Nxe4 f6 12. Nxf6+ Bxf6 13. Bd2 Bxe5 14. fxe5
Nc6 15. Bf3 Nxe5 16. Re1 c6 17. Bc3 Rd8+ 18. Kc2 Nxf3 19. gxf3 Bf5+ 20. Kb3 Kf7
21. Re5 Re8 22. Rae1 Rxe5 23. Rxe5 Be6 24. a4 Rd8 25. Re4 b5 26. Rf4+ Kg8 27.
Kb4 Bxc4 28. Kc5 Be2 29. Kxc6 bxa4 30. Kc7 Rf8 31. Rxa4 Rf7+ 32. Kb8 a6 33. f4
Re7 34. Rd4 Kf7 35. Rd6 Bb5 36. h4 Re8+ 37. Kc7 Re7+ 38. Kd8 Re8+ 39. Kc7
1/2-1/2

[Event "BL 1617 SV Griesheim - Hamburger SK"]
[Site "?"]
[Date "2016.10.16"]
[Round "2.7"]
[White "Carlstedt, Jonathan"]
[Black "Grabarczyk, Bogdan"]
[Result "1/2-1/2"]
[WhiteElo "2438"]
[BlackElo "2395"]
[PlyCount "53"]
[EventDate "2016.??.??"]

1. e4 e6 2. d4 d5 3. Nc3 Nf6 4. Bg5 Be7 5. e5 Nfd7 6. h4 Nc6 7. Nf3 O-O 8. Bd3
f6 9. exf6 Nxf6 10. a3 h6 11. Ne5 Nxd4 12. Ng6 Re8 13. Nxe7+ Qxe7 14. Bg6 c5
15. Bxf6 gxf6 16. Bxe8 Qxe8 17. Qd2 Qh5 18. Rh3 Kf7 19. Qd3 Qf5 20. Qxf5 Nxf5
21. O-O-O Nd4 22. Rg3 Bd7 23. h5 Nf5 24. Rg6 Ne7 25. Rg3 Nf5 26. Rg6 Ne7 27.
Rg3 1/2-1/2

[Event "BL 1617 SV Griesheim - Hamburger SK"]
[Site "?"]
[Date "2016.10.16"]
[Round "2.8"]
[White "Spitzl, Vinzent"]
[Black "Heinemann, Thies"]
[Result "0-1"]
[WhiteElo "2146"]
[BlackElo "2466"]
[PlyCount "78"]
[EventDate "2016.??.??"]

1. e4 c5 2. Nf3 d6 3. d4 cxd4 4. Nxd4 Nf6 5. Nc3 a6 6. Be2 e5 7. Nb3 Be7 8. Bg5
Be6 9. Bxf6 Bxf6 10. Qd3 Be7 11. O-O-O Nd7 12. Nd5 Bxd5 13. Qxd5 Rb8 14. Kb1
O-O 15. Nd2 Qb6 16. Rhf1 Nf6 17. Qb3 Qc6 18. Bf3 b5 19. Rfe1 g6 20. Nf1 Kg7 21.
Qd3 Rfc8 22. Ne3 a5 23. Re2 a4 24. h4 h5 25. Rg1 Qc5 26. Rd2 Qa7 27. g4 hxg4
28. Bxg4 Rh8 29. Nd5 Nxd5 30. Qxd5 Rxh4 31. Rdd1 b4 32. Rg2 Rbh8 33. f3 Rh1 34.
Rgd2 a3 35. b3 Qe3 36. Qd3 Qc5 37. Qc4 Bg5 38. Rd5 Qe3 39. R5d3 Qc1+ 0-1

[Event "BL 1617 OSG Baden Baden - MSA Zugzwang"]
[Site "?"]
[Date "2016.10.16"]
[Round "2.1"]
[White "Bromberger, Stefan"]
[Black "Wojtaszek, Radoslaw"]
[Result "0-1"]
[WhiteElo "2535"]
[BlackElo "2746"]
[PlyCount "56"]
[EventDate "2016.??.??"]

1. e4 c5 2. Nf3 d6 3. d4 cxd4 4. Nxd4 Nf6 5. Nc3 a6 6. Bg5 Nbd7 7. Qe2 h6 8.
Bh4 g6 9. f4 e5 10. O-O-O Qc7 11. Kb1 exf4 12. Qd2 g5 13. Bf2 Ne5 14. h4 Rg8
15. hxg5 hxg5 16. g3 fxg3 17. Be3 Be7 18. Bxg5 Be6 19. Bxf6 Bxf6 20. Nxe6 fxe6
21. Bb5+ axb5 22. Nxb5 Qa5 23. Nxd6+ Ke7 24. Rh7+ Rg7 25. Rxg7+ Bxg7 26. Nc8+
Kf7 27. Rf1+ Bf6 28. Nd6+ Kg6 0-1

[Event "BL 1617 OSG Baden Baden - MSA Zugzwang"]
[Site "?"]
[Date "2016.10.16"]
[Round "2.3"]
[White "Mons, Leon"]
[Black "Bacrot, Etienne"]
[Result "1/2-1/2"]
[WhiteElo "2461"]
[BlackElo "2692"]
[PlyCount "76"]
[EventDate "2016.??.??"]

1. e4 e5 2. Bc4 Nf6 3. d3 c6 4. Nf3 d5 5. Bb3 Bb4+ 6. Bd2 Bxd2+ 7. Nbxd2 a5 8.
a3 a4 9. Ba2 Nbd7 10. O-O O-O 11. Re1 Re8 12. d4 exd4 13. exd5 Rxe1+ 14. Qxe1
cxd5 15. Nf1 Nb8 16. Nxd4 Nc6 17. Rd1 Qb6 18. Ne3 Be6 19. Nxe6 fxe6 20. Ng4
Nxg4 21. Qxe6+ Kh8 22. Qxg4 Rf8 23. Qe2 Qxb2 24. Bxd5 Qxa3 25. Bxc6 bxc6 26.
Qc4 h6 27. h4 Ra8 28. Qxc6 Qf8 29. Ra1 a3 30. Qd5 Qb8 31. Qb3 Qxb3 32. cxb3 a2
33. b4 g6 34. b5 Kg7 35. g3 h5 36. Kg2 Rb8 37. Rxa2 Rxb5 38. Ra7+ Kf6 1/2-1/2

[Event "BL 1617 OSG Baden Baden - MSA Zugzwang"]
[Site "?"]
[Date "2016.10.16"]
[Round "2.4"]
[White "Shirov, Alexei"]
[Black "Hertneck, Gerald"]
[Result "1-0"]
[WhiteElo "2679"]
[BlackElo "2476"]
[PlyCount "87"]
[EventDate "2016.??.??"]

1. d4 Nf6 2. c4 e6 3. Nc3 d5 4. Nf3 dxc4 5. e4 Bb4 6. Bxc4 Nxe4 7. O-O Bxc3 8.
bxc3 Nxc3 9. Qc2 Nd5 10. Ba3 Nc6 11. Rae1 Nce7 12. Ne5 c6 13. f4 O-O 14. g4 f6
15. Nd3 f5 16. g5 Re8 17. h4 a5 18. Ne5 b5 19. Bxd5 cxd5 20. Bc5 Ng6 21. Nd3 e5
22. dxe5 d4 23. h5 Nh8 24. Bd6 Be6 25. Nc5 Bc4 26. Rd1 Nf7 27. Rxd4 Nxd6 28.
exd6 Re2 29. Qc3 Qe8 30. d7 Qe7 31. Rxc4 bxc4 32. Qxc4+ Kh8 33. Qd4 Rd8 34. h6
Qe3+ 35. Qxe3 Rxe3 36. Rd1 Re7 37. Rd5 gxh6 38. gxh6 Rf7 39. Kf2 Kg8 40. Ke3
Kf8 41. Kd4 Ke7 42. Re5+ Kd6 43. Re6+ Kc7 44. Ke5 1-0

[Event "BL 1617 OSG Baden Baden - MSA Zugzwang"]
[Site "?"]
[Date "2016.10.16"]
[Round "2.5"]
[White "Schramm, Christian"]
[Black "Naiditsch, Arkadij"]
[Result "0-1"]
[WhiteElo "2390"]
[BlackElo "2684"]
[PlyCount "46"]
[EventDate "2016.??.??"]

1. e4 e5 2. Ne2 Nc6 3. Nbc3 Bc5 4. f4 d6 5. Na4 Bg4 6. Nxc5 dxc5 7. d3 Qh4+ 8.
g3 Qh5 9. Kf2 Bf3 10. Rg1 Nd4 11. h3 O-O-O 12. c3 Nxe2 13. Bxe2 Bxe2 14. Qxe2
Qxh3 15. f5 Nf6 16. Bg5 Ng4+ 17. Kf3 Nh2+ 18. Ke3 f6 19. Bh4 g5 20. fxg6 hxg6
21. Kd2 g5 22. Rh1 gxh4 23. Rxh2 Qxg3 0-1

[Event "BL 1617 OSG Baden Baden - MSA Zugzwang"]
[Site "?"]
[Date "2016.10.16"]
[Round "2.6"]
[White "Movsesian, Sergei"]
[Black "Gerigk, Erasmus"]
[Result "1-0"]
[WhiteElo "2677"]
[BlackElo "2381"]
[PlyCount "81"]
[EventDate "2016.??.??"]

1. Nf3 Nf6 2. g3 b5 3. Bg2 Bb7 4. d3 e6 5. e4 d6 6. O-O Be7 7. c3 c5 8. a4 b4
9. a5 O-O 10. cxb4 cxb4 11. Nbd2 Na6 12. Nb3 Qd7 13. Be3 Rfc8 14. h3 Qe8 15.
Nfd2 Rc7 16. Re1 Nd7 17. d4 Rac8 18. Bf1 Ndb8 19. Bd3 Nc6 20. Qe2 Nab8 21. f4
Ba8 22. d5 Nd8 23. Nd4 a6 24. Nc4 Nd7 25. Nb6 Rb8 26. Bxa6 Nc5 27. Bb5 Qf8 28.
Bf2 Bf6 29. Qf3 e5 30. Nf5 g6 31. Bxc5 gxf5 32. Bf2 Qh6 33. exf5 Qxh3 34. fxe5
Bxe5 35. Bf1 Qh6 36. a6 Ra7 37. Nc4 Rc7 38. a7 Rbc8 39. Nb6 f6 40. Nxc8 Rxc8
41. Qg4+ 1-0

[Event "BL 1617 OSG Baden Baden - MSA Zugzwang"]
[Site "?"]
[Date "2016.10.16"]
[Round "2.7"]
[White "Dr. Hoffmeyer, Falk"]
[Black "Gustafsson, Jan"]
[Result "1/2-1/2"]
[WhiteElo "2354"]
[BlackElo "2628"]
[PlyCount "78"]
[EventDate "2016.??.??"]

1. d4 d5 2. Bf4 Nf6 3. e3 c5 4. c3 Nc6 5. Nd2 Bf5 6. Ngf3 e6 7. Qb3 Qc8 8. Ne5
c4 9. Qd1 Nxe5 10. Bxe5 Be7 11. Be2 h6 12. O-O b5 13. f3 O-O 14. Bxf6 Bxf6 15.
e4 Bg6 16. exd5 exd5 17. f4 b4 18. Nf3 bxc3 19. bxc3 Rb8 20. Ne5 Bxe5 21. fxe5
Rb2 22. Bf3 Qc6 23. Rf2 Rfb8 24. Rxb2 Rxb2 25. Qc1 Rc2 26. Qa3 Be4 27. Rc1
Rxc1+ 28. Qxc1 Bxf3 29. gxf3 Qg6+ 30. Kf2 Qd3 31. Qa3 g5 32. Qa5 Kg7 33. Qd8
Qxc3 34. Qf6+ Kg8 35. e6 Qd2+ 36. Kf1 Qd3+ 37. Kf2 Qd2+ 38. Kf1 Qd1+ 39. Kf2
Qd2+ 1/2-1/2

[Event "BL 1617 OSG Baden Baden - MSA Zugzwang"]
[Site "?"]
[Date "2016.10.16"]
[Round "2.8"]
[White "Martin, Julian"]
[Black "Lammers, Markus"]
[Result "1-0"]
[WhiteElo "2288"]
[BlackElo "2318"]
[PlyCount "45"]
[EventDate "2016.??.??"]

1. e4 d5 2. exd5 Nf6 3. Bb5+ Bd7 4. Be2 Nxd5 5. d4 g6 6. c4 Nb6 7. Nc3 Bg7 8.
Be3 O-O 9. Nf3 Bg4 10. Rc1 Nc6 11. d5 Bxf3 12. Bxf3 Ne5 13. b3 c6 14. O-O Nxf3+
15. Qxf3 cxd5 16. Nxd5 Nxd5 17. Rfd1 Qa5 18. Qxd5 Qxa2 19. Qxb7 a5 20. c5 Bb2
21. Rc2 Rfd8 22. Rcd2 Rdb8 23. Bh6 1-0

[Event "BL 1617 SP Schwegenheim - Bayern Münch"]
[Site "?"]
[Date "2016.10.16"]
[Round "2.1"]
[White "Fedorovsky, Michael"]
[Black "Neiksans, Arturs"]
[Result "1/2-1/2"]
[WhiteElo "2498"]
[BlackElo "2624"]
[PlyCount "71"]
[EventDate "2016.??.??"]

1. d4 Nf6 2. c4 e6 3. Nf3 b6 4. g3 Ba6 5. Qc2 c5 6. d5 exd5 7. cxd5 Bb7 8. Bg2
Nxd5 9. Qb3 Nf6 10. Ne5 d5 11. Nc3 Be7 12. Qa4+ Kf8 13. Bf4 Qc8 14. Rd1 Nc6 15.
Nxd5 Nxd5 16. Bxd5 Nxe5 17. Bxe5 Bxd5 18. Rxd5 Qe6 19. Qe4 Re8 20. O-O Bf6 21.
f4 Bxe5 22. Rxe5 Qd7 23. Rxe8+ Qxe8 24. Qd3 h5 25. Rd1 Rh6 26. e4 Re6 27. e5 g6
28. Qd8 Rc6 29. Qd7 Qxd7 30. Rxd7 a5 31. a4 Ke8 32. Rb7 c4 33. Kf2 c3 34. bxc3
Rxc3 35. Rxb6 Rc4 36. Rb7 1/2-1/2

[Event "BL 1617 SP Schwegenheim - Bayern Münch"]
[Site "?"]
[Date "2016.10.16"]
[Round "2.2"]
[White "Kantans, Toms"]
[Black "Gabriel, Christian"]
[Result "0-1"]
[WhiteElo "2476"]
[BlackElo "2507"]
[PlyCount "98"]
[EventDate "2016.??.??"]

1. e4 e5 2. Nf3 Nc6 3. Bb5 a6 4. Ba4 Nf6 5. O-O Be7 6. Re1 b5 7. Bb3 d6 8. c3
O-O 9. d4 Bg4 10. Be3 exd4 11. cxd4 Na5 12. Bc2 c5 13. Nbd2 cxd4 14. Bxd4 Nc6
15. Nb3 Re8 16. h3 Bh5 17. Bc3 Rc8 18. a3 Qb6 19. Re3 Ne5 20. g4 Nxf3+ 21. Qxf3
Bg6 22. Nd4 Nd7 23. Rd1 Ne5 24. Qg3 Nc4 25. Ree1 Bf6 26. Bb1 a5 27. Nf5 Be5 28.
Bxe5 dxe5 29. Ba2 Bxf5 30. exf5 Nxb2 31. Rb1 Qd4 32. Qb3 Nc4 33. Red1 Qa7 34.
a4 b4 35. Rbc1 Nb6 36. Qe3 Qb8 37. Rc5 Rxc5 38. Qxc5 Nxa4 39. Qd5 Rf8 40. Qxa5
Nc3 41. Re1 Nxa2 42. Qxa2 Rd8 43. Qc4 h6 44. Ra1 Qb7 45. Qb3 Rd4 46. Ra5 e4 47.
Re5 Rd3 48. Qa4 e3 49. fxe3 Qf3 0-1

[Event "BL 1617 SP Schwegenheim - Bayern Münch"]
[Site "?"]
[Date "2016.10.16"]
[Round "2.3"]
[White "Dragnev, Valentin"]
[Black "Horvath, Adam"]
[Result "1-0"]
[WhiteElo "2438"]
[BlackElo "2498"]
[PlyCount "105"]
[EventDate "2016.??.??"]

1. e4 c5 2. Nf3 e6 3. d4 cxd4 4. Nxd4 Nc6 5. Nc3 Qc7 6. Be3 a6 7. Qf3 Nf6 8.
O-O-O Nxd4 9. Bxd4 e5 10. Be3 d6 11. h3 b5 12. g4 b4 13. Nd5 Nxd5 14. exd5 Be7
15. Qe4 a5 16. f4 exf4 17. Bxf4 O-O 18. g5 g6 19. Bd3 Bf5 20. Qd4 Bxd3 21. Qxd3
Rfc8 22. Rhe1 a4 23. Kb1 Bf8 24. Re4 Ra5 25. Rxb4 a3 26. Qb3 Qd7 27. Bd2 Rac5
28. Qxa3 Rxc2 29. Qd3 Bg7 30. Rc1 R2c5 31. Rxc5 dxc5 32. Rc4 Bd4 33. Bc3 Qxd5
34. Bxd4 Rd8 35. Rxc5 Qxc5 36. Bxc5 Rxd3 37. a4 f5 38. a5 Kf7 39. a6 Rd8 40. b4
Ke6 41. b5 Kd5 42. Bb6 Re8 43. Ba7 f4 44. b6 Kc6 45. b7 f3 46. Bf2 Kc7 47. Kc1
Rd8 48. Kc2 Kb8 49. Kc3 Kc7 50. Kc4 Kc6 51. h4 Kc7 52. Kc5 Kb8 53. Kc6 1-0

[Event "BL 1617 SP Schwegenheim - Bayern Münch"]
[Site "?"]
[Date "2016.10.16"]
[Round "2.4"]
[White "Nemeth, Miklos"]
[Black "Schenk, Andreas"]
[Result "1/2-1/2"]
[WhiteElo "2469"]
[BlackElo "2463"]
[PlyCount "41"]
[EventDate "2016.??.??"]

1. e4 e6 2. d4 d5 3. Nd2 c5 4. exd5 Qxd5 5. Ngf3 cxd4 6. Bc4 Qd6 7. O-O Nf6 8.
Nb3 Nc6 9. Nbxd4 Nxd4 10. Nxd4 a6 11. Re1 Qc7 12. Bf1 Be7 13. Qf3 O-O 14. Bf4
Bd6 15. Bxd6 Qxd6 16. Rad1 Qc7 17. Qg3 Qxg3 18. hxg3 Bd7 19. Nf3 Rfc8 20. Ne5
Be8 21. c4 1/2-1/2

[Event "BL 1617 SP Schwegenheim - Bayern Münch"]
[Site "?"]
[Date "2016.10.16"]
[Round "2.5"]
[White "Belezky, Alexander"]
[Black "Kovacs, Gabor"]
[Result "0-1"]
[WhiteElo "2397"]
[BlackElo "2456"]
[PlyCount "96"]
[EventDate "2016.??.??"]

1. e4 c5 2. Ne2 Nc6 3. g3 d5 4. Bg2 dxe4 5. Bxe4 Bd7 6. Bg2 Qc8 7. h3 g6 8. d4
cxd4 9. Nxd4 Bg7 10. Be3 Nf6 11. Na3 O-O 12. Qd2 Nxd4 13. Bxd4 Bc6 14. Bxc6
Qxc6 15. O-O-O Rfd8 16. Qe1 a6 17. Rg1 Rd7 18. Qc3 Qe6 19. Qb3 Qxh3 20. Bxf6
Bxf6 21. Rxd7 Qxd7 22. Rd1 Qc6 23. Nc4 b5 24. Ne3 e6 25. Ng4 Bg7 26. f4 Rc8 27.
Qd3 Qc5 28. a3 h5 29. Ne3 Bf6 30. Qe4 Qc6 31. Qxc6 Rxc6 32. Rd7 e5 33. c3 exf4
34. gxf4 Re6 35. Kd2 Kg7 36. Rd5 Re4 37. Ng2 h4 38. Rd3 Kh6 39. Rf3 Kh5 40. Kd3
Re8 41. Ne3 Bd8 42. c4 bxc4+ 43. Kxc4 f6 44. Kc5 g5 45. Nf5 Kg4 46. Nd4 Be7+
47. Kc4 Rc8+ 48. Kd3 Rd8 0-1

[Event "BL 1617 SP Schwegenheim - Bayern Münch"]
[Site "?"]
[Date "2016.10.16"]
[Round "2.6"]
[White "Shytaj, Luca"]
[Black "Ribli, Zoltan"]
[Result "1/2-1/2"]
[WhiteElo "2437"]
[BlackElo "2555"]
[PlyCount "83"]
[EventDate "2016.??.??"]

1. e4 c5 2. Nf3 e6 3. d4 cxd4 4. Nxd4 Nc6 5. Nc3 Qc7 6. Be3 a6 7. Qf3 Nf6 8.
O-O-O Ne5 9. Qg3 b5 10. f4 Neg4 11. Bg1 b4 12. Na4 Nh6 13. Qe3 Be7 14. h3 d5
15. e5 Ne4 16. Bd3 O-O 17. g4 Bd7 18. g5 Bxa4 19. gxh6 g6 20. Bxe4 dxe4 21.
Qxe4 a5 22. Be3 Bd7 23. Rhg1 Kh8 24. Qd3 Rac8 25. Kb1 Rfd8 26. Qe2 Qb7 27. f5
a4 28. fxe6 Bxe6 29. Nxe6 fxe6 30. Rxd8+ Rxd8 31. Rd1 Rxd1+ 32. Qxd1 Kg8 33.
Bc1 Qb5 34. Qd4 b3 35. cxb3 axb3 36. axb3 Qxb3 37. Qd7 Kf8 38. h4 Qc4 39. Bg5
Qf1+ 40. Ka2 Qc4+ 41. Kb1 Qf1+ 42. Ka2 1/2-1/2